00553cam a2200169ua 45000010005000000080039000050200018000440400009000620820010000711000020000812450100001012500009002012600056002103000021002666530014002876530082003011776110812n ii |||gr||||Z||||||eng a81-259-1293-2 cMAIN a370.1 aAgarwal, J. C.,1 aTheory & principles of education philosophy & sociological bases of educationcby J. C. Agarwal a2nd. aNew Delhi:bVikas publishing house pvt. ltd,c2008. aix; 461p:c23cm. aEducation aTheory & principles of education philosophy & sociological bases of education